• 首页
  • 本馆介绍
  • 公告通知
  • 最新文献
  • 馆藏检索
  • 电子资源
  • 读者导购
  • 参考咨询
  • 我的图书馆
  • 登录
  • 详细信息显示
  • 放入我的书架
  • 预约/预借图书
  • 作者相关作品
  • 分类相关作品
  • 丛书相关作品
  • 出版社相关作品

书目信息

  • 表格格式
  • 工作单格式
  • 卡片格式
题名:
世界妇女史
    
 
作者: 麦克维 著 ;洪庆明 , 康凯 译
分册: 下卷   1500年至今
出版信息: 上海   上海人民出版社  2012.04
页数: 307页
开本: 24cm
丛书名: 格致人文读本
单 册:
中图分类: D441.9
科图分类:
主题词: 妇女运动--历史--世界 , 妇女运动 , 历史
电子资源:
ISBN: 978-7-5432-2052-2
000 01196oam2 2200313 450
001 010700126336
005 20120612084903.57
010    @a978-7-5432-2052-2@dCNY39.00
100    @a20120416d2012 em y0chiy50 ea
101 1  @achi@ceng
102    @aCN@b310000
105    @aa z 001yy
106    @ar
200 1  @a世界妇女史@9shi jie fu nu^ shi@h下卷@i1500年至今@dEnvisioning women in world history@hVolume 2@i1500-present@f(美)帕梅拉·麦克维(Pamela Mcvay)著@g洪庆明,康凯译@zeng
210    @a上海@c上海人民出版社@d2012.04
215    @a307页@c图@d24cm
225 2  @a格致人文读本
330    @a本书梳理了1500年以后妇女历史发展的过程,作者通过比较多个文明在妇女生活、健康、教育、工作、阶级、政治地位等问题上态度的异同,为我们展现了1500年以来妇女角色的变化以及世界历史发展对妇女的影响。
461  0 @12001 @a格致人文读本
510 1  @aEnvisioning women in world history@zeng
606 0  @a妇女运动@x历史@y世界
606 0  @a妇女运动
606 0  @a历史
690    @aD441.9@v5
701  0 @c(美)@a麦克维@9mai ke wei@c(Mcvay, Pamela)@4著
702  0 @a洪庆明@9hong qing ming@4译
702  0 @a康凯@9kang kai@4译
801  0 @aCN@bRENTIAN@c20120416
905    @b539469-73@dD441.9@e23:2@f5
    
    世界妇女史.下卷.1500年至今=Envisioning women in world history.Volume 2.1500-present/(美)帕梅拉·麦克维(Pamela Mcvay)著/洪庆明,康凯译.-上海:上海人民出版社,2012.04
    307页:图;24cm.-(格致人文读本)
    
    
    ISBN 978-7-5432-2052-2:CNY39.00
    本书梳理了1500年以后妇女历史发展的过程,作者通过比较多个文明在妇女生活、健康、教育、工作、阶级、政治地位等问题上态度的异同,为我们展现了1500年以来妇女角色的变化以及世界历史发展对妇女的影响。
●
相关链接 在E读中查询图书 在五车中查询图书 在当当中查询图书 在豆瓣中查询图书


正题名:世界妇女史     索取号:D441.9/23:2         预约/预借

序号 登录号 条形码 馆藏地/架位号 状态 备注
1 539469   205394697   第一样本阅览室/ [索取号:D441.9/23:2] 在馆    
2 539470   205394704   第一借阅区/ [索取号:D441.9/23:2] 在馆    
3 539471   205394713   第一借阅区/ [索取号:D441.9/23:2] 在馆    
4 539472   205394722   第一借阅区/ [索取号:D441.9/23:2] 在馆    
5 539473   205394731   第一借阅区/ [索取号:D441.9/23:2] 在馆    
唐山师范学院图书馆 欢迎您!
大连网信软件有限公司© 版权所有